000 00259nam a22001097a 4500
008 180803b xxu||||| |||| 00| 0 eng d
082 _a813.52
245 _aAl-Kitaab with DVDs
_cKRISTEN BRSATAD
300 _a1
_fDVD
440 _x158901104 X
942 _2ddc
_cMX
999 _c46765
_d46765